Laffy Taffy Flavors Quiz Stats

 Plays Quiz not verified by Sporcle

Score 0/16 Timer 02:00
0 Plays Today
Flavor % Correct
Strawberry
92%
Strawberry
92%
Banana
88.6%
Cherry
88.3%
Cherry
88.3%
Grape
82.9%
Grape
82.9%
Sour Apple
82.3%
Flavor % Correct
Wild Blue Raspberry
61.9%
Watermelon
59.7%
Watermelon
59.7%
Blue Berry
47.6%
Chocolate Moose
42.3%
Fruit Punch
14.7%
Strawberry Banana
8.7%
Sparkle Cherry
6.3%

You're not logged in!

Compare scores with friends on all Sporcle quizzes.
OR
Log In

Show Comments

Extras

Top Quizzes Today


Score Distribution

Your Account Isn't Verified!

In order to create a playlist on Sporcle, you need to verify the email address you used during registration. Go to your Sporcle Settings to finish the process.

Report this User

Report this user for behavior that violates our Community Guidelines.

Details: